Statistics for Deltarune chapter 2 ost

Click here to take the quiz!

General Stats

  • This quiz has been taken 204 times
  • The average score is 24 of 46

Answer Stats

HintAnswer% Correct
39BIG SHOT
90%
5Queen
83%
6A CYBER'S WORLD?
82%
23NOW'S YOUR CHANCE TO BE A
80%
22Spamton
77%
2Girl Next Door
73%
14Berdly
72%
32Attack of the Killer Queen
71%
3My Castle Town
71%
15Smart Race
68%
17WELCOME TO THE CITY
66%
26Pandora Palace
65%
31Ferris Wheel
64%
30Lost Girl
64%
28Acid Tunnel of Love
58%
38Deal Gone Wrong
57%
41Dialtone
55%
21HEY EVERY !
55%
29It's Pronounced "Rules"
54%
40A Real Boy!
53%
1Faint Glow
53%
33Giga Size
50%
8Almost to the Guys!
49%
19Holiday Studio
49%
42sans.
49%
25Bluebird of Misfortune
48%
35Knock You Down !!
47%
20Cool Mixtape
46%
24Elegant Entrance
46%
10When I Get Mad I Dance Like This
45%
11Cyber Battle (solo)
43%
13Sound Studio
43%
12When I Get Happy I Dance Like This
43%
9Cool Beat
42%
45Until Next Time
42%
44You Can Always Come Home
41%
37Digital Roots
39%
18Mini Studio
39%
34Powers Combined
39%
7A Simple diversion
36%
27KEYGEN
36%
4Ohhhhohohoho
36%
36The Dark Truth
36%
46Before the Story
34%
43Chill Jailbreak Alarm to Study and Relax to
27%
16Faint Courage (Game Over)
24%

Score Distribution

Percentile by Number Answered

Percent of People with Each Score

Your Score History

You have not taken this quiz